000 00465nam a2200133 4500
999 _c8281
_d8281
008 180112b xxu||||| |||| 00| 0 eng d
082 _aDPer 050 Dec 2015-Mar 2016 T48 v186-187
100 _925609
_aMedintz, Scott.
245 _aFallout from the Fed's rate hike/
_cScott Medintz.
260 _aNew York :
_bTime Inc.,
_c©Dec 2015-Mar 2016.
300 _av186 n27-28, page 11:
_billustrations;
_c27 cm.
650 0 _925610
_aBanks and banking.
942 _2ddc
_cPER